[Event "Budapest Art Pub Cup 4th"]
[Site "Budapest"]
[Date "2014.04.18"]
[Round "2"]
[White "Czimer, Jozsef"]
[Black "B Kiss, Tamas"]
[Result "1-0"]
[WhiteElo "1729"]
[BlackElo "1475"]
[PlyCount "81"]
[EventDate "2014.04.16"]
[EventType "swiss"]
[EventRounds "7"]
[EventCountry "HUN"]
[SourceTitle "EXT 2015"]
[Source "ChessBase"]
[SourceDate "2014.11.20"]
[SourceVersion "1"]
[SourceVersionDate "2014.11.20"]
[SourceQuality "1"]

1. e4 e6 2. d4 d5 3. Nd2 Ne7 4. c3 Ng6 5. g3 b6 6. Bg2 Bb7 7. e5 c5 8. Nb3 Nc6 9. f4 cxd4 10. cxd4 Bb4+ 11. Bd2 a5 12. a3 Bxd2+ 13. Qxd2 Rc8 14. Bf1 0-0 15. Bb5 Rc7 16. Nf3 Qa8 17. 0-0 Ba6 18. Qd3 Bxb5 19. Qxb5 Rfc8 20. Rad1 Qb7 21. Nbd2 Na7 22. Qd3 Nc6 23. h4 h6 24. h5 Nge7 25. g4 g6 26. hxg6 fxg6 27. Nh4 Kh7 28. Rf2 Rg8 29. Rh2 Nc8 30. Kh1 Rcg7 31. Ndf3 Kh8 32. f5 Qf7 33. Nxg6+ Rxg6 34. fxg6 Rxg6 35. g5 Kg7 36. gxh6+ Rxh6 37. Rxh6 Kxh6 38. Qe3+ Kg7 39. Rg1+ Kf8 40. Qh6+ Ke8 41. Qh8+ 1-0

[Event "Budapest Weekend 2nd"]
[Site "Budapest"]
[Date "2010.08.20"]
[Round "2"]
[White "Jurak, Miklosne"]
[Black "B Kiss, Tamas"]
[Result "1/2-1/2"]
[WhiteElo "1718"]
[BlackElo "1532"]
[PlyCount "49"]
[EventDate "2010.08.20"]
[EventType "swiss"]
[EventRounds "7"]
[EventCountry "HUN"]
[SourceTitle "EXT 2020"]
[Source "ChessBase"]
[SourceDate "2019.10.17"]
[SourceVersion "1"]
[SourceVersionDate "2019.10.17"]
[SourceQuality "1"]

1. e4 e6 2. d4 d5 3. Nd2 Ne7 4. e5 c5 5. c3 cxd4 6. cxd4 Nbc6 7. Nb3 Qb6 8. Nf3 Bd7 9. Bd3 Rc8 10. 0-0 Nb4 11. Nc5 Bb5 12. Bxb5+ Qxb5 13. a4 Qb6 14. Qe2 Nf5 15. a5 Qc6 16. Nd3 Nc2 17. Rb1 Ncxd4 18. Nxd4 Nxd4 19. Qd1 Qc2 20. Qxc2 Rxc2 21. b4 Nc6 22. Rb3 Rc4 23. Be3 a6 24. Rc1 Rxc1+ 25. Bxc1 1/2-1/2